UBT Library

Hospital organization and management ... (Record no. 43175)

000 -LEADER
fixed length control field 00533cam a22002171 4500
001 - CONTROL NUMBER
control field 8814147
005 - DATE AND TIME OF LATEST TRANSACTION
control field 20180222065459.0
008 - FIXED-LENGTH DATA ELEMENTS--GENERAL INFORMATION
fixed length control field 750910s1946 xx 000 0 eng
010 ## - LIBRARY OF CONGRESS CONTROL NUMBER
LC control number med47000306
035 ## - SYSTEM CONTROL NUMBER
System control number (OCoLC)1615003
040 ## - CATALOGING SOURCE
Original cataloging agency DLC
Transcribing agency FMU
Modifying agency OClW-H
-- OCoLC
-- DLC
041 ## - LANGUAGE CODE
Language code of text/sound track or separate title eng
042 ## - AUTHENTICATION CODE
Authentication code premarc
080 ## - UNIVERSAL DECIMAL CLASSIFICATION NUMBER
Universal Decimal Classification number 658 mal
082 ## - DEWEY DECIMAL CLASSIFICATION NUMBER
Edition number 658 mal
100 1# - Rafti
Rafti 54
101 ## - Shkurtesa
Shkurtesa man
245 00 - TITLE STATEMENT
Title Hospital organization and management ...
906 ## - LOCAL DATA ELEMENT F, LDF (RLIN)
a 7
b cbc
c oclcrpl
d u
e ncip
f 19
g y-gencatlg
942 ## - ADDED ENTRY ELEMENTS (KOHA)
Source of classification or shelving scheme
Item type Books
Holdings
Withdrawn status Lost status Source of classification or shelving scheme Damaged status Not for loan Collection code Permanent location Current location Shelving location Date acquired Total Checkouts Full call number Barcode Date last seen Price effective from Koha item type
          Koleksioni i përgjithshem UBT - Lipjan UBT - Lipjan Koleksioni i përgjithshem 02/22/2018   658 mal 002-2999764 02/22/2018 02/22/2018 Books
UBT Library © 2015-2024. All rights reserved University Education for Business and Technology